[Event "Sachsen-Anhalt-ch op"]
[Site "Magdeburg"]
[Date "2021.10.28"]
[Round "2"]
[White "Hoffmann, Svenja"]
[Black "Zamzow, Karsten"]
[Result "0-1"]
[WhiteElo "1285"]
[BlackElo "1612"]
[PlyCount "114"]
[EventDate "2021.10.28"]
[EventType "swiss"]
[EventRounds "7"]
[EventCountry "GER"]
[SourceTitle "CBM 205 Extra"]
[Source "ChessBase"]
[SourceDate "2022.01.31"]
[SourceVersion "1"]
[SourceVersionDate "2022.01.31"]
[SourceQuality "1"]

1. e4 e6 2. d4 d5 3. Nc3 c5 4. Nf3 Nc6 5. Be3 Qb6 6. Na4 Qa5+ 7. c3 dxe4 8. Nd2 cxd4 9. cxd4 Nf6 10. Nc3 Bb4 11. Qc2 Bxc3 12. bxc3 Qf5 13. Be2 Bd7 14. 0-0 Ne7 15. f3 Ned5 16. fxe4 Nxe3 17. Qb3 Qg5 18. Bf3 Nxf1 19. Nxf1 b6 20. e5 Rc8 21. exf6 Qxf6 22. Rc1 0-0 23. Ne3 Qg5 24. Re1 Rc7 25. d5 exd5 26. Nxd5 Rc5 27. c4 Be6 28. Rf1 Rfc8 29. Rd1 Rxc4 30. Qd3 Rc1 31. Rxc1 Qxc1+ 32. Bd1 Bxd5 33. Qxd5 Qc5+ 34. Qxc5 Rxc5 35. Kf2 Rd5 36. Bb3 Rc5 37. g4 h5 38. h3 hxg4 39. hxg4 g5 40. a4 a6 41. Ke3 Rc3+ 42. Ke4 Rxb3 43. Kf5 Ra3 44. Kxg5 Rxa4 45. Kf5 Rc4 46. g5 a5 47. g6 fxg6+ 48. Kxg6 a4 49. Kf5 a3 50. Ke5 a2 51. Kd5 b5 52. Kd6 a1Q 53. Kd7 Qd1+ 54. Ke6 Re4+ 55. Kf5 Qf3+ 56. Kg5 Rg4+ 57. Kh5 Qh3# 0-1